| 000 | 01851nam a2200577 i 4500 | ||
|---|---|---|---|
| 001 | 5998 | ||
| 003 | KOSZ 005 | ||
| 005 | 20190927113624.0 | ||
| 008 | 060106s1993 pl f |000 0 pol | ||
| 015 | _aPB 2006/12668 | ||
| 020 | _a8301111852 | ||
| 035 | _a991028087109705066 | ||
| 035 | _a(PL-WaBN)b17607425-48omnis_nlop | ||
| 035 | _ab17607425 | ||
| 035 | _a(OCoLC)750041454 | ||
| 035 | _a(PL)b0000001760742 | ||
| 035 | _a(EXLNZ-48OMNIS_NETWORK)9910061119405606 | ||
| 040 |
_aWA N _cWA N _dKOSZ 005/EG |
||
| 041 | 0 |
_apol _beng |
|
| 080 | _a347.73 | ||
| 080 | _a336.14 | ||
| 080 | _a(438:4:73) | ||
| 080 | _a(075.8) | ||
| 100 | 1 |
_aGajl, Natalia _d(1921-1998) _eAutor |
|
| 245 | 1 | 0 |
_aGospodarka budżetowa w świetle prawa porównawczego / _cNatalia Gajl. |
| 260 |
_aWarszawa : _bWydawnictwo Naukowe PWN, _c1993. |
||
| 300 |
_a418, [2] s. ; _c21 cm. |
||
| 336 |
_2rdacontent _aTekst _btxt |
||
| 337 |
_2rdamedia _aBez urządzenia pośredniczącego _bn |
||
| 338 |
_2rdacarrier _aWolumin _bnc |
||
| 380 | _aKsiążki | ||
| 380 | _aPublikacje dydaktyczne | ||
| 385 |
_mPoziom nauczania _aSzkoły wyższe |
||
| 388 | _a1901-2000 | ||
| 388 | _a1989-2000 | ||
| 504 | _aBibliogr. s. 400-411. | ||
| 546 | _aSpis treści także ang. Streszcz. ang. | ||
| 650 | 7 |
_aBudżet _2DBN |
|
| 650 | 7 |
_aPrawo _2DBN |
|
| 650 | 7 |
_aPrawo porównawcze _2DBN |
|
| 651 | _aEuropa | ||
| 651 | _aPolska | ||
| 651 | _aStany Zjednoczone (USA) | ||
| 655 | 7 |
_aMateriały pomocnicze _2DBN |
|
| 658 | _aPrawo i wymiar sprawiedliwości | ||
| 658 | _aGospodarka, ekonomia, finanse | ||
| 710 | 2 |
_aWydawnictwo Naukowe PWN _4pbl |
|
| 856 |
_uhttp://koha.tu.koszalin.pl/cgi-bin/koha/opac-detail.pl?biblionumber=5998 _yKatalog online BPK |
||
| 942 |
_2UKD _cKS |
||
| 999 |
_c5998 _d5998 |
||